| 000 | 00000nam##2200000za#4500 |
| 001 | 9.699236 |
| 003 | CaOODSP |
| 005 | 20210625000305 |
| 007 | cr ||||||||||| |
| 008 | 150407|1976||||xxc|||||o f|0| 0 eng|d |
| 040 | |aCaOODSP|beng |
| 043 | |an-cn--- |
| 086 | 1 |aA53-1578/1976E-PDF |
| 110 | 1 |aCanada.|bAgriculture Canada.|bResearch Branch. |
| 245 | 10|aGrowing fall rye for grain in the Atlantic provinces / |h[electronic resource]|c[by] J.E. Langille and J.A. MacLeod. |
| 260 | |aOttawa - Ontario : |bAgriculture Canada. |cc1976. |
| 300 | |a16p.|bphotographs |
| 500 | |aHistorical publication digitized by Agriculture and Agri-Food Canada. "This publication replaces Publication 1185, 'Rye for Forage and Grain in the Atlantic Provinces.'"--p. 2 of 16. |
| 590 | |a14-11-Supp|b2014-05-21 |
| 690 | 07|aCereals|2gcpds |
| 690 | 07|aCrops|2gcpds |
| 690 | 07|aFarming|2gcpds |
| 775 | 08|tLa culture du seigle d'automne pour les provinces de l'Atlantique / |w(CaOODSP)9.643208 |
| 856 | 40|ahttp://publications.gc.ca|qPDF|s1018 KB|uhttps://publications.gc.ca/collections/collection_2014/aac-aafc/agrhist/A53-1578-1976-eng.pdf |
| 986 | |a1578 |